| 000 | 00691cam a2200229 4500 | ||
|---|---|---|---|
| 001 | ABS62103 | ||
| 008 | 000000n2000 000 0 eng u | ||
| 035 | _a(Sirsi) u104756 | ||
| 100 | _aRichards, C. | ||
| 245 | _aBeware! Warnings may go unheeded | ||
| 260 | _c2000 | ||
| 490 |
_aBuilding Trade and Industry _v16(3) March 2000, 7(1) |
||
| 520 | _aExplains whether or not you should speak out if you discover a potentially dangerous design defect. | ||
| 590 | _aABS | ||
| 650 | _aDESIGN | ||
| 650 | _aDEFECTIVE DESIGN | ||
| 650 | _aSUBCONTRACTS | ||
| 650 | _aDESIGN DEFECTS | ||
| 650 | _aCONTRACTUAL CLAIMS | ||
| 690 | _aBUILT ENVIRONMENT-BUILDING CONTRACT FORMS | ||
| 942 | _n0 | ||
| 999 |
_c62846 _d62846 |
||